UM Logo

Fundamentals of accountancy, business, and management 2 : (Record no. 18635)

MARC details
000 -LEADER
fixed length control field 00646nam a22001697a 4500
008 - FIXED-LENGTH DATA ELEMENTS--GENERAL INFORMATION
fixed length control field 231219b ||||| |||| 00| 0 eng d
020 ## - INTERNATIONAL STANDARD BOOK NUMBER
International Standard Book Number 9789719820192
082 ## - DEWEY DECIMAL CLASSIFICATION NUMBER
Edition number 2022
Classification number DFil 657
Item number Ad91
100 ## - MAIN ENTRY--PERSONAL NAME
Personal name Aduana, Nick L.
9 (RLIN) 50529
245 ## - TITLE STATEMENT
Title Fundamentals of accountancy, business, and management 2 :
Remainder of title (a procedural approach) for senior high school /
Statement of responsibility, etc. Nick L. Aduana.
250 ## - EDITION STATEMENT
Edition statement Revised edition.
260 ## - PUBLICATION, DISTRIBUTION, ETC. (IMPRINT)
Place of publication, distribution, etc. Quezon City :
Name of publisher, distributor, etc. C&E publishing, Inc.
Date of publication, distribution, etc. ©2022.
300 ## - PHYSICAL DESCRIPTION
Extent xi, 324 pages :
Other physical details color illustrations ;
Dimensions 25.5 cm.
500 ## - GENERAL NOTE
General note Includes glossary, references, and index.
650 ## - SUBJECT ADDED ENTRY--TOPICAL TERM
Topical term or geographic name as entry element Accounting
General subdivision Textbooks.
9 (RLIN) 50557
942 ## - ADDED ENTRY ELEMENTS (KOHA)
Source of classification or shelving scheme Dewey Decimal Classification
Koha item type Filipiniana
Holdings
Withdrawn status Lost status Source of classification or shelving scheme Damaged status Not for loan Collection code Home library Current library Date acquired Source of acquisition Cost, normal purchase price Total Checkouts Full call number Barcode Date last seen Price effective from Koha item type
    Dewey Decimal Classification     Filipiniana UM Digos College - LIC UM Digos College - LIC 08/08/2023 Purchased 545.00   DFil 657 Ad91 2022 27646 05/15/2025 12/19/2023 Filipiniana